LEADER 00913cam a2200169 i 4500
020 |a 9781107401273 (pbk.) 
082 0 0 |a 809.933 584 053 18  |b Q3 
245 0 0 |a Literature of the Holocaust/  |c ed by Alan Rosen. 
260 |a Cambridge:  |b Cambridge University Press,  |c 2013. 
300 |a xii, 310 p. 
504 |a Includes bibliographical references. 
650 0 |a Holocaust, Jewish (1939-1945), in literature.  |9 34111 
700 1 |a Rosen, Alan, Ed.  |9 34112 
856 |u https://books.google.co.in/books?id=0QZaAQAAQBAJ&pg=PA84&dq=Literature+of+the+Holocaust&hl=en&sa=X&ved=0ahUKEwir_pvMzqTNAhXH26YKHabDBNIQ6AEIRjAF#v=onepage&q=Literature%20of%20the%20Holocaust&f=false 
942 |c BK 
999 |c 75351  |d 75351 
952 |0 0  |1 0  |4 0  |6 809_933000000000000_584_053_18_Q3  |7 0  |9 67334  |a MGUL  |b MGUL  |c GEN  |d 2015-03-24  |e Calicut Book Distributors Invoice No 8602 dated 12.03.2015  |g 1833.34  |l 3  |m 1  |o 809.933 584 053 18 Q3  |p 53269  |r 2018-08-02  |s 2018-07-02  |y BK